[Event "World Junior Open 2015"]
[Site "Khanty-Mansiysk RUS"]
[Date "2015.09.06"]
[Round "5.9"]
[White "Tran, Tuan Minh"]
[Black "Chigaev, Maksim"]
[Result "1-0"]
[WhiteTitle "IM"]
[BlackTitle "IM"]
[WhiteElo "2417"]
[BlackElo "2531"]
[WhiteFideId "12401820"]
[BlackFideId "4108116"]
[EventDate "2015.09.02"]

1. d4 g6 2. Nf3 Bg7 3. Bf4 Nf6 4. e3 O-O 5. Be2 c5 6. c3 d6 7. h3 cxd4 8. exd4
d5 9. O-O Nc6 10. Re1 Ne4 11. Nbd2 Bf5 12. Bh2 Rc8 13. Nf1 Bd7 14. Qb3 e6 15.
Qxb7 Na5 16. Qxa7 Re8 17. Ne5 Re7 18. Nxd7 Rxd7 19. Qa6 Rb7 20. Reb1 e5 21. Bxe5
Bxe5 22. dxe5 Rb6 23. Qd3 Nc4 24. Qc2 Nxe5 25. Rd1 h5 26. f3 Nf6 27. a4 Rd6 28.
Qd2 d4 29. cxd4 Nc6 30. Rac1 Rb8 31. d5 Rxd5 32. Qe3 Nd4 33. Bc4 Nf5 34. Bxd5
Nxe3 35. Bxf7+ Kxf7 36. Rxd8 Rxd8 37. Nxe3 1-0

[Event "World Junior Open 2015"]
[Site "Khanty-Mansiysk RUS"]
[Date "2015.09.06"]
[Round "5.10"]
[White "Pichot, Alan"]
[Black "Gagare, Shardul"]
[Result "0-1"]
[WhiteTitle "IM"]
[BlackTitle "IM"]
[WhiteElo "2528"]
[BlackElo "2469"]
[WhiteFideId "110973"]
[BlackFideId "5037883"]
[EventDate "2015.09.02"]

1. e4 c6 2. Nf3 d5 3. Nc3 Bg4 4. h3 Bxf3 5. Qxf3 e6 6. d4 dxe4 7. Qxe4 Nf6 8.
Qd3 Bd6 9. Bd2 Nbd7 10. O-O-O Qc7 11. g3 O-O-O 12. Bg2 Rhe8 13. Rhe1 Nb6 14. Ne4
Nxe4 15. Qxe4 g6 16. Qf3 Rd7 17. Qb3 Qd8 18. a4 Nd5 19. c4 Ne7 20. a5 a6 21. Qa4
Bb8 22. Bg5 Rxd4 23. Be3 Rxd1+ 24. Rxd1 Qc7 25. Bb6 Qe5 26. Qb4 Nf5 27. Qd2 Qd6
28. Qc2 Qb4 29. Qd3 Qd6 30. Qb3 Qe7 31. g4 Nh4 32. Bh1 e5 33. c5 e4 34. Rd4 f5
35. gxf5 gxf5 36. Kb1 Bc7 37. Qd1 Bxb6 38. cxb6 Rd8 39. Rxd8+ Qxd8 40. Qh5 Qe7
41. Qh6 Kd7 42. Ka1 c5 43. Kb1 c4 44. Kc2 Ng6 45. Bg2 Qc5 46. Qg7+ Ne7 47. Qg3
Nd5 48. Bf1 Qd4 49. Be2 f4 50. Qg8 f3 51. Qf7+ Kc6 52. Qe8+ Kc5 0-1

[Event "World Junior Open 2015"]
[Site "Khanty-Mansiysk RUS"]
[Date "2015.09.06"]
[Round "5.11"]
[White "Karthikeyan, Murali"]
[Black "Tari, Aryan"]
[Result "1/2-1/2"]
[WhiteTitle "GM"]
[BlackTitle "IM"]
[WhiteElo "2509"]
[BlackElo "2518"]
[WhiteFideId "5074452"]
[BlackFideId "1510045"]
[EventDate "2015.09.02"]

1. e4 c6 2. d4 d5 3. e5 Bf5 4. Nf3 e6 5. Be2 Ne7 6. O-O c5 7. c3 Nec6 8. Be3 Nd7
9. Nbd2 Rc8 10. a3 Be7 11. b4 cxd4 12. cxd4 O-O 13. Rc1 Qb6 14. Nb3 Bg4 15. Qd2
Bxf3 16. gxf3 Ncb8 17. f4 g6 18. Rc2 Rxc2 19. Qxc2 Qc6 20. Qd3 Qa4 21. Na5 Nb6
22. Rc1 Qd7 23. Qb5 Nc6 24. Nxc6 bxc6 25. Qxc6 Qxc6 26. Rxc6 Rc8 27. Rxc8+ Nxc8
28. Ba6 Nb6 29. Kf1 Kf8 30. Bb5 Bh4 31. Ke2 Ke7 32. Kd3 Kd8 33. a4 Be7 34. Kc3
f5 35. Kb3 Nd7 36. Bd2 Nb8 37. a5 Kc7 38. Ka4 Nc6 39. Bc3 Bh4 40. Bxc6 Kxc6 41.
b5+ Kd7 42. Be1 Kc8 43. Kb3 Kb8 44. Kb4 Be7+ 45. Ka4 Bh4 46. Kb3 Kc8 47. h3 Kb8
48. Ka4 Kc8 49. a6 Bd8 50. Bb4 Bb6 51. Bc5 Kb8 52. Kb4 Kc8 1/2-1/2

[Event "World Junior Open 2015"]
[Site "Khanty-Mansiysk RUS"]
[Date "2015.09.06"]
[Round "5.12"]
[White "Ali Marandi, Cemil Can"]
[Black "Makhnyov, Denis"]
[Result "1-0"]
[WhiteTitle "IM"]
[BlackTitle "FM"]
[WhiteElo "2422"]
[BlackElo "2358"]
[WhiteFideId "6300529"]
[BlackFideId "13707647"]
[EventDate "2015.09.02"]

1. e4 e5 2. Nf3 Nc6 3. Bb5 Nf6 4. d3 Bc5 5. O-O Nd4 6. Nxd4 Bxd4 7. c3 Bb6 8.
Kh1 c6 9. Ba4 d6 10. f4 h6 11. f5 Qe7 12. Bb3 d5 13. Qe2 O-O 14. Nd2 Bd7 15. g4
Qc5 16. Qg2 Rfe8 17. Bc2 Kf8 18. Nf3 dxe4 19. dxe4 a5 20. a4 h5 21. gxh5 Nxh5
22. Bb3 Nf6 23. Ng5 Re7 24. Bd2 Rd8 25. Rg1 Qf2 26. Nh7+ Nxh7 27. Qxg7+ Ke8 28.
Qg8+ Nf8 29. Qxf8+ 1-0

[Event "World Junior Open 2015"]
[Site "Khanty-Mansiysk RUS"]
[Date "2015.09.06"]
[Round "5.13"]
[White "Beradze, Irakli"]
[Black "Cori, Jorge"]
[Result "0-1"]
[BlackTitle "GM"]
[WhiteElo "2380"]
[BlackElo "2637"]
[WhiteFideId "13604597"]
[BlackFideId "3802272"]
[EventDate "2015.09.02"]

1. d4 Nf6 2. c4 g6 3. Nc3 Bg7 4. e4 d6 5. Nf3 O-O 6. Be2 e5 7. O-O Nc6 8. d5 Ne7
9. Be3 Ng4 10. Bd2 f5 11. Ng5 Nf6 12. f3 Re8 13. Be3 h6 14. Ne6 Bxe6 15. dxe6 f4
16. Bf2 c5 17. b4 b6 18. Nb5 Nc8 19. bxc5 bxc5 20. Rb1 Bf8 21. Qd3 Rb8 22. Rfd1
Qe7 23. Qa3 Rb7 24. Qa5 Rb6 25. a4 Qg7 26. Qd2 Rxe6 27. a5 Ra6 28. Rb3 Re7 29.
Nc3 Rxa5 30. Nd5 Nxd5 31. Qxa5 Nb4 32. Rxb4 cxb4 33. c5 Rc7 34. c6 Kh7 35. Bb5
Qf7 36. Bc4 d5 37. Bxd5 Qg7 38. Rb1 Qe7 39. Rc1 Qd8 40. h3 Bd6 41. Qb5 Qe7 42.
Kf1 h5 43. Bb3 Kh6 44. Rd1 Qe8 45. Ba4 Qe6 46. Qd5 Qe8 47. Bb5 Kg5 48. Rc1 Kh6
49. Rd1 Kg5 50. Ke2 Kh6 51. Rd2 Kg5 52. Kd1 Kh6 53. Rc2 Bf8 54. Qd7 Qe7 55. Qd5
Qf6 56. Ba4 Nb6 57. Qa5 Qd6+ 58. Ke2 Nxa4 59. Qxa4 b3 60. Qxb3 Rxc6 61. Rxc6
Qxc6 62. h4 a5 63. Kf1 a4 64. Qg8 Bg7 65. g4 hxg4 66. fxg4 g5 67. hxg5+ Kg6 68.
Bc5 Qb5+ 69. Ke1 Qxc5 70. Qe6+ Kxg5 0-1

[Event "World Junior Open 2015"]
[Site "Khanty-Mansiysk RUS"]
[Date "2015.09.06"]
[Round "5.14"]
[White "Abasov, Nijat"]
[Black "Iskandarov, Misratdin"]
[Result "1-0"]
[WhiteTitle "GM"]
[BlackTitle "IM"]
[WhiteElo "2511"]
[BlackElo "2405"]
[WhiteFideId "13402960"]
[BlackFideId "13400312"]
[EventDate "2015.09.02"]

1. Nf3 c5 2. c4 Nc6 3. Nc3 g6 4. e3 Bg7 5. d4 d6 6. d5 Ne5 7. Nxe5 Bxe5 8. Bd3
e6 9. O-O exd5 10. cxd5 Nh6 11. f4 Bg7 12. e4 a6 13. f5 Be5 14. g3 Ng8 15. Qf3
g5 16. a4 h6 17. Bd2 Nf6 18. Rab1 Bd7 19. Kh1 Rc8 20. b3 Qe7 21. a5 g4 22. Qe2
h5 23. Be1 Kf8 24. Rc1 Re8 25. Kg2 h4 26. gxh4 Nh5 27. Bg3 Nxg3 28. hxg3 Qf6 29.
Nb1 Bxg3 30. Kxg3 Qxh4+ 31. Kf4 g3+ 32. Ke3 Qg5+ 33. Rf4 Rh4 34. Qf3 Bxf5 35.
Rg1 Rg4 36. Qxg4 Bxg4 37. Rxg3 Qxd5 38. Rfxg4 Qxb3 39. Nd2 Qe6 40. Bc4 Qe5 41.
Kd3 Ke7 42. Rf3 Rf8 43. Rgf4 f6 44. Rh4 Kd8 45. Kc2 Re8 46. Rb3 f5 47. Rxb7 fxe4
48. Rhh7 d5 49. Rbd7+ 1-0

[Event "World Junior Open 2015"]
[Site "Khanty-Mansiysk RUS"]
[Date "2015.09.06"]
[Round "5.15"]
[White "Georgiadis, Nico"]
[Black "Carneiro, Vitor Roberto Castro"]
[Result "1-0"]
[WhiteTitle "IM"]
[BlackTitle "CM"]
[WhiteElo "2484"]
[BlackElo "2405"]
[WhiteFideId "1300113"]
[BlackFideId "2130106"]
[EventDate "2015.09.02"]

1. e4 c6 2. d4 d5 3. Nc3 dxe4 4. Nxe4 Bf5 5. Ng3 Bg6 6. Nh3 e6 7. Nf4 Bd6 8.
Ngh5 Kf8 9. Be3 Nf6 10. Nxf6 Qxf6 11. Nxg6+ hxg6 12. Qd2 Qe7 13. O-O-O Nd7 14.
g3 a5 15. Kb1 a4 16. a3 b5 17. Qc3 Nb8 18. Ka2 Qb7 19. Bg2 Ra6 20. h4 Nd7 21.
Bg5 Rb6 22. Qf3 b4 23. axb4 Bxb4 24. h5 gxh5 25. Rxh5 Rxh5 26. Qxh5 Nf6 27. Qh8+
Ng8 28. Bc1 Qa6 29. Bf1 Qa5 30. Bd3 Qd5+ 31. c4 Qf3 32. Bc2 f5 33. c5 Ra6 34.
Qh1 Qxf2 35. Bd3 Ra5 36. Qxc6 a3 37. Kb1 Ne7 38. Qxe6 axb2 39. Bxb2 Ba3 40. Bxa3
Qf3 41. Qe2 Qxe2 42. Bxe2 Rxa3 43. Rd3 Rxd3 44. Bxd3 Kf7 45. Kc2 g5 46. Ba6 g4
47. Kd3 f4 48. gxf4 Nf5 49. c6 g3 50. c7 g2 51. c8=Q g1=Q 52. Qxf5+ Ke8 53. Bb5+ 1-0

[Event "World Junior Open 2015"]
[Site "Khanty-Mansiysk RUS"]
[Date "2015.09.06"]
[Round "5.16"]
[White "Barbot, Pierre1"]
[Black "Bilguun, Sumiya"]
[Result "1/2-1/2"]
[WhiteTitle "FM"]
[BlackTitle "FM"]
[WhiteElo "2455"]
[BlackElo "2343"]
[WhiteFideId "663727"]
[BlackFideId "4901541"]
[EventDate "2015.09.02"]

1. d4 d5 2. c4 e6 3. Nc3 c6 4. e3 Nf6 5. Nf3 Nbd7 6. Qc2 Be7 7. Bd3 O-O 8. O-O
Qc7 9. e4 dxc4 10. Bxc4 e5 11. h3 a6 12. Be3 exd4 13. Nxd4 Ne5 14. Bb3 c5 15.
Nd5 Nxd5 16. Bxd5 Qd6 17. Nb3 Nf3+ 18. gxf3 Bxh3 19. Kh1 Bg2+ 1/2-1/2

[Event "World Junior Open 2015"]
[Site "Khanty-Mansiysk RUS"]
[Date "2015.09.06"]
[Round "5.17"]
[White "Harsha, Bharathakoti"]
[Black "Arat, Ufuk Sezen"]
[Result "0-1"]
[BlackTitle "FM"]
[WhiteElo "2393"]
[BlackElo "2441"]
[WhiteFideId "5078776"]
[BlackFideId "6309089"]
[EventDate "2015.09.02"]

1. d4 Nf6 2. c4 g6 3. g3 Bg7 4. Bg2 O-O 5. Nf3 c5 6. d5 d6 7. Nc3 e6 8. O-O exd5
9. cxd5 a6 10. a4 Nbd7 11. h3 Re8 12. a5 b5 13. axb6 Nxb6 14. Nd2 Bd7 15. e4 Bb5
16. Re1 Nfd7 17. Nb3 Ne5 18. Na5 Qd7 19. Nxb5 axb5 20. Bf4 Na4 21. Nc6 Nxb2 22.
Qb3 Ned3 23. Rxa8 Rxa8 24. Re2 b4 25. e5 dxe5 26. Nxe5 Bxe5 27. Bxe5 c4 28. Qc2
b3 29. Qc3 Nxe5 30. Rxb2 Qd6 31. Rb1 Ra2 32. f4 Qc5+ 33. Kh1 Qf2 34. Rg1 Nd3 35.
Qxc4 Qxg3 0-1

[Event "World Junior Open 2015"]
[Site "Khanty-Mansiysk RUS"]
[Date "2015.09.06"]
[Round "5.18"]
[White "Laurusas, Tomas"]
[Black "Ratkovic, Miloje"]
[Result "1-0"]
[WhiteTitle "IM"]
[WhiteElo "2429"]
[BlackElo "2388"]
[WhiteFideId "12803731"]
[BlackFideId "914517"]
[EventDate "2015.09.02"]

1. e4 c6 2. d4 d5 3. e5 Bf5 4. Nf3 e6 5. Be2 Nd7 6. O-O Bg6 7. Nbd2 Nh6 8. a4
Be7 9. a5 O-O 10. c4 Rc8 11. Nb3 Nf5 12. a6 b6 13. Bf4 dxc4 14. Bxc4 b5 15. Be2
Nb6 16. Qd2 Qd5 17. Na5 c5 18. dxc5 Bxc5 19. Rfc1 Nd4 20. Nxd4 Bxd4 21. Bf3 Be4
22. Rxc8 Rxc8 23. Bxe4 Qxe4 24. Rd1 Nd5 25. Qxd4 Qxd4 26. Rxd4 Nxf4 27. Nc6 Kf8
28. Rd6 Nd5 29. Kf1 Nc7 30. Nd4 Ke8 31. Ke2 b4 32. Kd3 Rb8 33. Nc6 Rc8 34. Nxb4
Nb5 35. Rc6 Rxc6 36. Nxc6 Kd7 37. Nd4 Nxd4 38. Kxd4 Kc6 39. Kc4 Kb6 40. f4 h5
41. b4 Kxa6 42. Kc5 Kb7 43. Kd6 Kb6 44. Ke7 Kb5 45. Kxf7 Kxb4 46. f5 1-0

[Event "World Junior Open 2015"]
[Site "Khanty-Mansiysk RUS"]
[Date "2015.09.06"]
[Round "5.19"]
[White "Popov, Mikhail"]
[Black "Studer, Noel"]
[Result "0-1"]
[WhiteTitle "FM"]
[BlackTitle "IM"]
[WhiteElo "2327"]
[BlackElo "2422"]
[WhiteFideId "4146182"]
[BlackFideId "1319620"]
[EventDate "2015.09.02"]

1. e4 e5 2. d4 exd4 3. Qxd4 Nc6 4. Qe3 Bb4+ 5. Bd2 Bxd2+ 6. Nxd2 d6 7. O-O-O Nf6
8. f4 O-O 9. h3 d5 10. e5 d4 11. Qf3 Nd5 12. Nc4 Be6 13. Ne2 Ndb4 14. Ng3 Nxa2+
15. Kb1 Nab4 16. c3 dxc3 17. Rxd8 c2+ 18. Kc1 Rfxd8 19. Be2 Na2+ 20. Kxc2 Nd4+
21. Kb1 Nxf3 22. gxf3 Nb4 23. f5 Bxc4 24. Bxc4 Rd4 25. b3 c6 26. Kb2 a5 27. Kc3
Rf4 28. Rf1 b5 29. Be2 Re8 30. Nh5 Rxf5 31. f4 g6 32. Bg4 Rxh5 33. Bxh5 gxh5 34.
Kd4 f6 35. h4 Kf7 36. Kc5 Rd8 37. Kb6 Rd3 38. Rb1 Rd4 39. exf6 Rxf4 40. Kxa5
Rxh4 0-1

[Event "World Junior Open 2015"]
[Site "Khanty-Mansiysk RUS"]
[Date "2015.09.06"]
[Round "5.20"]
[White "Fontaine, Quentin"]
[Black "Saiyn, Zhanat"]
[Result "0-1"]
[BlackTitle "IM"]
[WhiteElo "2122"]
[BlackElo "2413"]
[WhiteFideId "230804"]
[BlackFideId "13703820"]
[EventDate "2015.09.02"]

1. Nc3 c5 2. Nf3 d5 3. e4 d4 4. Ne2 Nc6 5. Ng3 h5 6. h4 e5 7. Be2 g6 8. d3 Bh6
9. c3 Qe7 10. Nf1 Bxc1 11. Rxc1 Nh6 12. Qd2 Ng4 13. Qg5 f6 14. Qd2 Be6 15. Bd1
dxc3 16. Qxc3 Nb4 17. Ba4+ Kf7 18. Bb3 Rhd8 19. Rd1 Bxb3 20. axb3 Qd6 21. Rh3
Kg7 22. N3h2 Nh6 23. Ke2 Rd7 24. Ne3 Rad8 25. g4 Qe6 26. Rg3 Nxd3 27. Nf5+ Nxf5
28. Rgxd3 Nd4+ 29. Kf1 hxg4 30. Qxc5 Nxb3 31. Qb5 Rxd3 32. Rxd3 Rxd3 33. Qxd3
Qc4 34. Qxc4 Nd2+ 35. Ke2 Nxc4 36. b4 f5 0-1

[Event "World Junior Open 2015"]
[Site "Khanty-Mansiysk RUS"]
[Date "2015.09.06"]
[Round "5.21"]
[White "Korchmar, Vasiliy"]
[Black "Bogdanov, Egor"]
[Result "1-0"]
[WhiteTitle "IM"]
[WhiteElo "2409"]
[BlackElo "2333"]
[WhiteFideId "24131750"]
[BlackFideId "14119137"]
[EventDate "2015.09.02"]

1. d4 Nf6 2. c4 g6 3. Nc3 Bg7 4. e4 O-O 5. Nf3 d6 6. h3 e5 7. d5 a5 8. g4 Na6 9.
Be3 Nc5 10. Nd2 Bd7 11. Be2 c6 12. g5 Ne8 13. h4 f5 14. f3 h5 15. gxh6 Bf6 16.
Bf2 f4 17. Qc2 Kh7 18. O-O-O Na6 19. Rdg1 c5 20. Nf1 Nec7 21. Nh2 a4 22. Ng4 Bh8
23. a3 Qe8 24. Be1 Rg8 25. Nd1 Rb8 26. Ndf2 Bxg4 27. fxg4 b5 28. g5 b4 29. Rh3
bxa3 30. bxa3 Nb4 31. axb4 cxb4 32. h5 b3 33. Qd1 f3 34. hxg6+ Rxg6 35. Rxf3 Na6
36. Nd3 a3 37. Bc3 b2+ 38. Nxb2 axb2+ 39. Bxb2 Nc5 40. Qf1 Rb7 41. Rf8 Qe7 42.
Qf5 Qd7 43. Qxd7+ Nxd7 44. Rf7+ Kg8 45. Rgf1 1-0

[Event "World Junior Open 2015"]
[Site "Khanty-Mansiysk RUS"]
[Date "2015.09.06"]
[Round "5.22"]
[White "Serikbay, Chingiz"]
[Black "Sanal, Vahap"]
[Result "1/2-1/2"]
[WhiteTitle "FM"]
[BlackTitle "IM"]
[WhiteElo "2272"]
[BlackElo "2522"]
[WhiteFideId "13707604"]
[BlackFideId "6300545"]
[EventDate "2015.09.02"]

1. d4 Nf6 2. Nf3 e6 3. c4 b6 4. Nc3 Bb4 5. e3 Bb7 6. Qc2 O-O 7. Bd3 c5 8. a3
Bxc3+ 9. bxc3 Bxf3 10. gxf3 d6 11. h4 Nc6 12. Bd2 d5 13. cxd5 exd5 14. Bf5 g6
15. Bh3 Nh5 16. Bg4 Ng7 17. f4 h5 18. Bf3 Qd7 19. dxc5 bxc5 20. Qd3 Rad8 21. c4
d4 22. Kf1 dxe3 23. Qxd7 Rxd7 24. Bxe3 Nd4 25. Bd5 Ngf5 26. Bxd4 Nxd4 27. Rb1
Kg7 28. a4 Kf6 29. a5 Re8 30. Rh3 Re2 31. a6 Rde7 32. Rb7 Nf5 33. Rxe7 Rxe7 34.
Rb3 Nd4 35. Rb8 Ne6 36. Rb5 Kf5 37. Rb7 Kf6 38. Bxe6 Kxe6 39. f5+ Kd6 40. fxg6
fxg6 41. Rxe7 Kxe7 1/2-1/2

[Event "World Junior Open 2015"]
[Site "Khanty-Mansiysk RUS"]
[Date "2015.09.06"]
[Round "5.23"]
[White "Johansson, Linus"]
[Black "Akash, G"]
[Result "0-1"]
[WhiteTitle "IM"]
[BlackTitle "IM"]
[WhiteElo "2400"]
[BlackElo "2382"]
[WhiteFideId "1711113"]
[BlackFideId "5040299"]
[EventDate "2015.09.02"]

1. d4 Nf6 2. c4 g6 3. Nc3 Bg7 4. Bg5 O-O 5. Nf3 d6 6. e3 c5 7. d5 h6 8. Bh4 g5
9. Bg3 Nh5 10. Bd3 f5 11. Nd2 Nxg3 12. hxg3 Na6 13. O-O e6 14. g4 fxg4 15. Qxg4
exd5 16. Qh5 Nb4 17. Qg6 Nxd3 18. Qxd3 d4 19. exd4 Bf5 20. Qf3 cxd4 21. Nb5 d5
22. Rfe1 a6 23. Na3 d3 24. Rab1 g4 25. Qe3 Kh7 26. cxd5 b5 27. Rbc1 Qxd5 28. b3
Rf7 29. Nab1 Bd4 30. Qg3 Bg6 31. Nc3 Qh5 32. Nd1 Qg5 33. Ne3 Raf8 34. Rc7 Rxc7
35. Qxc7+ Rf7 36. Qd6 Bc3 37. Rd1 Be5 38. Qe6 g3 39. Nf3 Rxf3 40. Ng4 gxf2+ 41.
Kf1 Rf5 0-1

[Event "World Junior Open 2015"]
[Site "Khanty-Mansiysk RUS"]
[Date "2015.09.06"]
[Round "5.24"]
[White "Bida, Mihai-Eugen"]
[Black "Ererdem, Gani Eren"]
[Result "1-0"]
[WhiteTitle "FM"]
[WhiteElo "2394"]
[BlackElo "2213"]
[WhiteFideId "1200062"]
[BlackFideId "6310915"]
[EventDate "2015.09.02"]

1. d4 Nf6 2. c4 e6 3. Nc3 Bb4 4. e3 O-O 5. Ne2 Re8 6. a3 Bf8 7. Ng3 d5 8. cxd5
exd5 9. Bd3 c5 10. dxc5 d4 11. Nce4 Ng4 12. Be2 dxe3 13. Bxg4 exf2+ 14. Kxf2
Bxg4 15. Qxg4 Qd4+ 16. Be3 Qxb2+ 17. Qe2 Qxe2+ 18. Kxe2 f5 19. Rhb1 fxe4 20.
Rxb7 Nc6 21. Rd1 Rab8 22. Rdd7 Rxb7 23. Rxb7 g6 24. Rc7 Re6 25. Kd2 Bg7 26. Nxe4
Rxe4 27. Rxc6 Ra4 28. Rc8+ Kf7 29. c6 Be5 30. c7 Rc4 31. Bxa7 Bxc7 32. Kd3 Rc6
33. Bd4 Ke6 34. h3 Kd7 35. Ra8 Bb6 36. Ra6 Bc7 37. Rxc6 Kxc6 38. Ke4 Kd7 39. Kd5
Ba5 40. Bc5 Bd2 41. Bb4 Be3 42. a4 1-0

[Event "World Junior Open 2015"]
[Site "Khanty-Mansiysk RUS"]
[Date "2015.09.06"]
[Round "5.25"]
[White "Menezes, Christoph"]
[Black "Isaev, Chyngyz"]
[Result "1-0"]
[WhiteTitle "FM"]
[WhiteElo "2364"]
[BlackElo "2163"]
[WhiteFideId "1617001"]
[BlackFideId "13801660"]
[EventDate "2015.09.02"]

1. d4 d5 2. c4 e6 3. Nf3 Nf6 4. Nc3 Be7 5. Bg5 O-O 6. e3 h6 7. Bh4 Ne4 8. Bxe7
Qxe7 9. Rc1 c6 10. g4 Nd7 11. h4 f5 12. gxf5 exf5 13. cxd5 Nxc3 14. Rxc3 cxd5
15. Qb3 Qd6 16. Rg1 Rb8 17. Qa3 Qxa3 18. Rxa3 f4 19. Be2 fxe3 20. fxe3 a6 21.
Rc3 Rf7 22. e4 Nf6 23. exd5 Nxd5 24. Ne5 Re7 25. Rb3 Ra8 26. Bc4 Be6 27. Rf3 Nc7
28. Re3 Bxc4 29. Nxc4 Rae8 30. Kd2 Nd5 31. Re5 Nb4 32. a3 Nc6 33. Rxe7 Rxe7 34.
Rg4 Rd7 35. Kc3 Kf7 36. Ne3 Ne7 37. Kc4 Rc7+ 38. Kd3 Kf6 39. Rf4+ Ke6 40. Re4+
Kf6 41. d5 Rd7 42. Kc4 Ng6 43. Kd4 h5 44. Nc4 Ne7 45. Ne3 g5 46. hxg5+ Kxg5 47.
Re5+ Kg6 48. Ke4 Ng8 49. Ng2 Nf6+ 50. Kd4 Kf7 51. Nf4 h4 52. Rf5 Kg7 53. Nh5+
Kg6 54. Nxf6 Kxf5 55. Nxd7 h3 56. Nc5 h2 57. Ne4 Kf4 58. Nf2 Kf3 59. Nh1 Kg2 60.
Ke3 Kxh1 61. Kf2 b5 62. d6 b4 63. d7 1-0

[Event "World Junior Open 2015"]
[Site "Khanty-Mansiysk RUS"]
[Date "2015.09.06"]
[Round "5.26"]
[White "Dutreuil, Raphael"]
[Black "Kirk, Ezra"]
[Result "1-0"]
[BlackTitle "FM"]
[WhiteElo "2166"]
[BlackElo "2315"]
[WhiteFideId "20630999"]
[BlackFideId "600067"]
[EventDate "2015.09.02"]

1. d4 Nf6 2. c4 c5 3. d5 e6 4. Nc3 exd5 5. cxd5 d6 6. Nf3 g6 7. Qa4+ Bd7 8. Qb3
b5 9. Nxb5 Qa5+ 10. Qc3 Qxc3+ 11. Nxc3 Be7 12. Nd2 Na6 13. a3 O-O 14. e4 Nc7 15.
f3 Nh5 16. Nc4 Bb5 17. Na5 Bxf1 18. Rxf1 f5 19. Bd2 Bf6 20. O-O-O Rab8 21. Nc6
Rb7 22. g4 Ng7 23. g5 Bd4 24. Kc2 a6 25. Bf4 Bxc3 26. bxc3 Nb5 27. Bc1 Ne8 28.
a4 Na7 29. Nd8 Rb8 30. Ne6 Rf7 31. Rde1 Nc8 32. Nd8 Rc7 33. exf5 Ne7 34. Rxe7
Rxe7 35. Nc6 Reb7 36. Nxb8 Rxb8 37. fxg6 hxg6 38. Re1 Kf7 39. Bf4 Rd8 40. Rb1
Rd7 41. Rb6 Ke7 42. c4 Nc7 43. a5 Rd8 44. Rc6 Rd7 45. Bxd6+ 1-0

[Event "World Junior Open 2015"]
[Site "Khanty-Mansiysk RUS"]
[Date "2015.09.06"]
[Round "5.27"]
[White "El Fazari, Mohamed Amin"]
[Black "Hasenohr, Benedict"]
[Result "0-1"]
[BlackTitle "FM"]
[WhiteElo "1832"]
[BlackElo "2309"]
[WhiteFideId "9002545"]
[BlackFideId "1303309"]
[EventDate "2015.09.02"]

1. d4 e6 2. c4 d5 3. Nc3 c6 4. Nf3 Nd7 5. g3 dxc4 6. Bg2 b5 7. O-O Bb7 8. e4 Qb6
9. Be3 O-O-O 10. Ng5 Nh6 11. Qf3 c5 12. Rfd1 f6 13. dxc5 Bxc5 14. Rxd7 Rxd7 15.
Bxc5 Qxc5 16. Nxe6 Qe5 17. Nf4 f5 18. Qh5 Re8 19. Nxb5 g6 20. Nxa7+ Kb8 21. Qxh6
Qxb2 22. Re1 Kxa7 23. Ne2 Qd2 24. Qxd2 Rxd2 25. Nc3 fxe4 26. Nxe4 Bxe4 27. Bxe4
c3 28. f3 c2 0-1

[Event "World Junior Open 2015"]
[Site "Khanty-Mansiysk RUS"]
[Date "2015.09.06"]
[Round "5.28"]
[White "Chumak, Dmitrii"]
[Black "Megalios, Konstantinos"]
[Result "0-1"]
[WhiteElo "1808"]
[BlackElo "2242"]
[WhiteFideId "34106658"]
[BlackFideId "4238044"]
[EventDate "2015.09.02"]

1. e4 c6 2. d4 d5 3. Nc3 dxe4 4. Nxe4 Bf5 5. Ng3 Bg6 6. Nf3 Nd7 7. Bd3 e6 8. Bf4
Ngf6 9. Bxg6 hxg6 10. c3 Be7 11. Qb3 Qb6 12. Ne5 Nxe5 13. Bxe5 Qa6 14. Bxf6 gxf6
15. Qc2 f5 16. Qe2 Qxe2+ 17. Nxe2 O-O-O 18. O-O-O Rh4 19. g3 Rh3 20. Ng1 Rh5 21.
Nf3 Rdh8 22. Rhe1 g5 23. Re2 Bf6 24. Rh1 g4 25. Ne5 Bxe5 26. dxe5 Rxh2 27. Rxh2
Rxh2 28. Rd2 Rh1+ 29. Rd1 Rxd1+ 30. Kxd1 Kd7 31. Ke2 f6 32. exf6 e5 33. b4 b5
34. Kd3 Ke6 35. c4 Kxf6 36. c5 Ke6 37. Ke3 Ke7 38. Kd3 Kd7 39. Ke2 Ke6 40. Ke3
Kd5 41. Kd3 e4+ 42. Ke3 Ke5 43. Kd2 Kd4 44. Ke2 e3 45. fxe3+ Ke4 46. a4 bxa4 47.
b5 Kd5 48. b6 axb6 49. cxb6 Kd6 0-1

[Event "World Junior Open 2015"]
[Site "Khanty-Mansiysk RUS"]
[Date "2015.09.06"]
[Round "5.29"]
[White "Taalaibekov, Tagir"]
[Black "O'Mahoney, Keegan"]
[Result "1-0"]
[WhiteElo "2222"]
[BlackElo "1788"]
[WhiteFideId "13801163"]
[BlackFideId "2506190"]
[EventDate "2015.09.02"]

1. d4 Nf6 2. Nf3 g6 3. g3 Bg7 4. Bg2 d5 5. O-O O-O 6. c4 dxc4 7. Ne5 c5 8. dxc5
Qc7 9. Nxc4 Qxc5 10. Nca3 Nc6 11. Nc3 Rd8 12. Qe1 Be6 13. Rb1 Nd5 14. Nxd5 Bxd5
15. b4 Qc3 16. Bxd5 Rxd5 17. Qxc3 Bxc3 18. Nc2 Rad8 19. Be3 a6 20. Rb3 Bd2 21.
Bb6 R8d7 22. e4 Rb5 23. Bc5 Na5 24. Rbb1 b6 25. a4 Rxc5 26. bxc5 bxc5 27. Rfd1
c4 28. Rb6 c3 29. Rxa6 Nc4 30. Rc6 Nb2 31. Ra1 Ra7 32. a5 Nd3 33. a6 Nc1 34. Rb6
Nd3 35. Rb7 Ra8 36. a7 Kg7 37. Rb8 1-0

[Event "World Junior Open 2015"]
[Site "Khanty-Mansiysk RUS"]
[Date "2015.09.06"]
[Round "5.30"]
[White "Van Laeken, Jonathan"]
[Black "Lootens, Matthias"]
[Result "1/2-1/2"]
[WhiteElo "1866"]
[BlackElo "1935"]
[WhiteFideId "228567"]
[BlackFideId "218634"]
[EventDate "2015.09.02"]

1. d4 Nf6 2. Nc3 d5 3. Bg5 Bf5 4. Bxf6 exf6 5. e3 c6 6. Bd3 Qd7 7. Nge2 Bd6 8.
Qd2 O-O 9. Ng3 Bg6 10. Nce2 Na6 11. O-O Nc7 12. Rac1 Rfe8 13. c4 dxc4 14. Bxg6
fxg6 15. Rxc4 Nd5 16. e4 Nb6 17. Rc2 Rad8 18. Rd1 h5 19. f3 Qc7 20. Nf1 Rd7 21.
Qe3 Kh7 22. Rdc1 Qb8 23. Qb3 Bf4 24. Rd1 Bc7 25. Kh1 f5 26. Nc3 fxe4 27. fxe4
Rf8 28. Ne2 Rdf7 1/2-1/2